000 02114nam a2200349Ia 4500
999 _c54025
_d54025
001 21077
003 GE_BSU
005 20210712155749.0
008 181216s2016||||ge |||||||||||||| ||geo||
020 _a9789941135637
040 _cGE_BSU
041 _ageo
080 _a338.2(075.8) ე-49
245 _aეკონომიკური პოლიტიკა :
_bთეორია და პრაქტიკა /
_cაგნეს ბენასი-კუერი, ბენუა კიური, პიერ ჟაკი და ჟან პისანი-ფერი ; სამეცნ. რედ. რ. გველესიანი, ი. გოგორიშვილი და სხვ. ; მთარგმ. გ. ყუფარაძე, ა. ჩიქოვანი, ნ. მაისურაძე.
264 _aთბილისი :
_bუნ-ტის გამ-ბა,
_c2016.
300 _a932 გვ. ;
_c25 სმ.
504 _aბიბლიოგრაფია : გვ. 927-932
541 _h22ლ.67თ.
653 _aეკონომიკა
653 _aეკონომიკური პოლიტიკა
653 _aთეორია და პრაქტიკა
700 _aბენასი-კუერი, აგნეს
_eავტორი
_912235
700 _aკიური, ბენუა
_eავტორი
_912236
700 _aჟაკი, პიერ
_eავტორი
_912237
700 _aპისანი-ფერი, ჟან
_eავტორი
_912238
700 _aგველესიანი, რ.
_eსამეცნიერო რედაქტორი
_94609
700 _aგოგორიშვილი, ი.
_eსამეცნიერო რედაქტორი
_912239
700 _aყუფარაძე, გ.
_eმთარგმნელი
_912240
700 _aჩიქოვანი, ა.
_eმთარგმნელი
_95647
700 _aმაისურაძე, ნ.
_eმთარგმნელი
_91973
942 _cBK
_2udc